गीता आणि यज्ञ (Record no. 209202)

MARC details
000 -LEADER
fixed length control field 00540nam a2200169Ia 4500
008 - FIXED-LENGTH DATA ELEMENTS--GENERAL INFORMATION
fixed length control field 090201s9999 xx 000 0 und d
010 ## - LIBRARY OF CONGRESS CONTROL NUMBER
LC control number KPL-42442
040 ## - CATALOGING SOURCE
Language of cataloging मराठी
041 ## - LANGUAGE CODE
Language code of text/sound track or separate title मराठी
082 ## - DEWEY DECIMAL CLASSIFICATION NUMBER
Classification number 8625
Item number 42442
100 ## - MAIN ENTRY--PERSONAL NAME
Personal name म. स. पारखे
245 ## - TITLE STATEMENT
Title गीता आणि यज्ञ
Statement of responsibility, etc म. स. पारखे
260 ## - PUBLICATION, DISTRIBUTION, ETC. (IMPRINT)
Date of publication, distribution, etc 2004
Name of publisher, distributor, etc पंचासधना प्रचार केंद्र
300 ## - PHYSICAL DESCRIPTION
Extent 95
Other physical details मोठा
600 ## - SUBJECT ADDED ENTRY--PERSONAL NAME
Personal name गीता आणि यज्ञ
942 ## - ADDED ENTRY ELEMENTS (KOHA)
Koha item type Book

No items available.